00824nam a2200241 a 450000100060000000300080000600500170001400800410003103500190007203500180009104000270010904100080013608200180014410000290016224501240019126000590031530000260037450400510040060000330045165000440048465000340052870000200056236073BD-RjUL20211209052429.0140616r19641960enk b 001 0 eng u a(BD-RjUL)36170 a(OCoLC)494711 aVTUdm.cbengcBD-RjUL aeng00a320bLOT 19641 aLocke, John,d1632-1704.10aTwo treatises of government /cJohn Locke ; a critical edition with an introd. and apparatus criticus by Peter Laslett. aCambridge :bUniversity Press,c1960 [reprinted 1964]. axii, 520 p. ;c23 cm. aIncludes bibliographical references and index.10aFilmer, Robert,d1588?-1653. 0aPolitical sciencevEarly works to 1800. 0aLibertyvEarly works to 1800.1 aLaslett, Peter.